| 000 | 00844nam a22002057i 4500 | ||
|---|---|---|---|
| 999 |
_c23375 _d23375 |
||
| 003 | AR-CdUCM | ||
| 008 | 250829b20242024 pe||||| |||| 00| 0 spa d | ||
| 020 | _a978-612-03-0030-5 | ||
| 040 |
_aMUNICIPALIDAD PROVINCIAL DEL CUSCO _cBIBLIOTECA MUNICIPAL DEL CUSCO |
||
| 041 | _hSpa | ||
| 082 |
_a158.1 / B444 _bB444 _2Segunda Edición |
||
| 100 |
_aBenigno, Juan _951508 |
||
| 245 |
_aUna Vida Extraordinaria : _bDescubre el camino hacia una vida maravillosa / |
||
| 260 |
_aCusco : _bAutor-Editor-Cimagraf _c2024 |
||
| 300 |
_a167 páginas. : _c23x15 cm. |
||
| 505 | _aLa aventura mas grande -- Eres una creación milagrosa -- La inversión mas grande -- Invertir en ti -- La elección es tuya -- El verdadero amor -- La magia de la disciplina | ||
| 650 |
_a¿Quién es Juan Benigno? _951509 |
||
| 942 |
_2ddc _cLIBROS |
||
| 945 |
_apbjr _d29-08-2025 |
||